[Event "Titled Tuesday intern op 16th Apr Early"]
[Site "Chess.com INT"]
[Date "2024.04.16"]
[Round "4"]
[White "Kuznetsova, Marina"]
[Black "Ballotti, Luca"]
[Result "1-0"]
[WhiteElo "2054"]
[BlackElo "2223"]
[PlyCount "73"]
[EventDate "2024.04.16"]
[EventType "swiss (blitz)"]
[EventRounds "11"]
[EventCountry "USA"]
[SourceTitle "CB17_2024"]
[SourceDate "2024.04.24"]
[SourceVersion "1"]
[SourceVersionDate "2024.04.24"]
[SourceQuality "1"]

1. e4 c6 2. d4 d5 3. e5 c5 4. dxc5 e6 5. Nf3 Bxc5 6. a3 Ne7 7. b4 Bb6 8. Bb2 a5 9. Nbd2 axb4 10. axb4 Rxa1 11. Qxa1 0-0 12. Bd3 Na6 13. Qa3 Ng6 14. g3 Qe7 15. c3 Bd7 16. 0-0 Nc7 17. Ra1 Bb5 18. Bc2 Rc8 19. h4 Nf8 20. Qb3 Ne8 21. Nd4 Bd7 22. c4 dxc4 23. Nxc4 Bc7 24. Ra7 Bc6 25. Nxc6 bxc6 26. Be4 Rb8 27. Ba3 Qd7 28. Na5 c5 29. Bc6 Qc8 30. Bxe8 Bxa5 31. Bxf7+ Kh8 32. Rxa5 Qc7 33. Bxe6 Qxa5 34. bxa5 Rxb3 35. Bxb3 Nd7 36. e6 Nf6 37. a6 1-0

[Event "Titled Tuesday intern op 13th Feb Early"]
[Site "Chess.com INT"]
[Date "2024.02.13"]
[Round "7"]
[White "Ballotti, Luca"]
[Black "Martinez Pla, Xavier"]
[Result "0-1"]
[WhiteElo "2172"]
[BlackElo "2247"]
[PlyCount "84"]
[EventDate "2024.02.13"]
[EventType "swiss (blitz)"]
[EventRounds "11"]
[EventCountry "USA"]
[SourceTitle "CB08_2024"]
[SourceDate "2024.02.21"]
[SourceVersion "1"]
[SourceVersionDate "2024.02.21"]
[SourceQuality "1"]

1. d4 Nf6 2. c4 e6 3. Nc3 Bb4 4. Nf3 0-0 5. Bg5 b6 6. e3 Bb7 7. Bd3 h6 8. Bh4 d5 9. cxd5 exd5 10. 0-0 Nbd7 11. Rc1 a6 12. Ne5 Qe8 13. f4 Ne4 14. Nxe4 dxe4 15. Bc4 Bd6 16. a3 Kh7 17. Qb3 f6 18. Nxd7 Qxd7 19. Be6 Qe7 20. f5 Bc8 21. Qd5 Bxe6 22. fxe6 Rae8 23. Qxe4+ Kh8 24. d5 Bc5 25. Kh1 c6 26. b4 cxd5 27. Qxd5 Bxe3 28. Rce1 Qxe6 29. Qxe6 Rxe6 30. Rf3 Rfe8 31. h3 b5 32. g4 Kh7 33. Kg2 Bb6 34. Rxe6 Rxe6 35. Rd3 g5 36. Bg3 Kg6 37. Rd6 Rxd6 38. Bxd6 f5 39. Kf3 h5 40. gxf5+ Kxf5 41. Be7 Bd4 42. Bd6 Bb2 0-1

[Event "Titled Tuesday intern op 13th Feb Early"]
[Site "Chess.com INT"]
[Date "2024.02.13"]
[Round "4"]
[White "Ballotti, Luca"]
[Black "Shishkov, Andrei"]
[Result "1-0"]
[WhiteElo "2172"]
[BlackElo "2340"]
[PlyCount "95"]
[EventDate "2024.02.13"]
[EventType "swiss (blitz)"]
[EventRounds "11"]
[EventCountry "USA"]
[SourceTitle "CB08_2024"]
[SourceDate "2024.02.21"]
[SourceVersion "1"]
[SourceVersionDate "2024.02.21"]
[SourceQuality "1"]

1. d4 Nf6 2. Nc3 d5 3. Bf4 c5 4. e3 Bg4 5. f3 cxd4 6. exd4 Bd7 7. Bd3 Nc6 8. Nge2 e6 9. 0-0 Be7 10. Nb5 0-0 11. c3 a6 12. Na3 Bxa3 13. bxa3 Na5 14. Rb1 Re8 15. Qd2 Rc8 16. Rb4 b5 17. Ng3 Nc4 18. Bxc4 dxc4 19. Ne4 Nd5 20. Nd6 Nxb4 21. axb4 Bc6 22. Nxc8 Qxc8 23. Re1 Qd7 24. Be5 f6 25. Bf4 Qd5 26. Qe3 Kf7 27. Qe4 Qxe4 28. fxe4 g5 29. Bd6 h6 30. Kf2 f5 31. exf5 exf5 32. Rxe8 Kxe8 33. g3 Kf7 34. Ke3 Bd5 35. Be5 Kg6 36. a3 h5 37. h4 gxh4 38. gxh4 Be4 39. Kf4 Bd5 40. Bd6 Bb7 41. Bc5 Kf6 42. Bd6 Bc8 43. Be5+ Kg6 44. Bc7 Kf6 45. Bd8+ Kg6 46. Bg5 Kf7 47. Ke5 Ke8 48. Kd6 1-0

[Event "Titled Tuesday intern op 13th Feb Early"]
[Site "Chess.com INT"]
[Date "2024.02.13"]
[Round "11"]
[White "Manukian, Artak"]
[Black "Ballotti, Luca"]
[Result "1/2-1/2"]
[WhiteElo "2196"]
[BlackElo "2172"]
[PlyCount "127"]
[EventDate "2024.02.13"]
[EventType "swiss (blitz)"]
[EventRounds "11"]
[EventCountry "USA"]
[SourceTitle "CB08_2024"]
[SourceDate "2024.02.21"]
[SourceVersion "1"]
[SourceVersionDate "2024.02.21"]
[SourceQuality "1"]

1. e4 c5 2. Nf3 Nc6 3. c3 d5 4. exd5 Qxd5 5. d4 Bg4 6. Be2 cxd4 7. cxd4 e6 8. Nc3 Qa5 9. h3 Bh5 10. 0-0 Nf6 11. Qb3 Qb4 12. Nb5 Rc8 13. Rd1 Qxb3 14. axb3 a6 15. Nc3 Be7 16. d5 Nxd5 17. Nxd5 exd5 18. Rxd5 Bg6 19. Bf4 0-0 20. Rd7 Be4 21. Bc4 Bf6 22. Re1 Bxf3 23. gxf3 b5 24. Bd5 Nd4 25. Bd6 Rfd8 26. Bxf7+ Kh8 27. Rxd8+ Rxd8 28. Kg2 g6 29. Be7 Bxe7 30. Rxe7 Kg7 31. Bd5+ Kh6 32. Re5 Nf5 33. f4 Nh4+ 34. Kg3 Nf5+ 35. Kg4 Rc8 36. Be6 Rc2 37. Bxf5 gxf5+ 38. Kxf5 Rxf2 39. Re6+ Kg7 40. Rxa6 Rxb2 41. Kg5 Rxb3 42. Ra7+ Kg8 43. Kf6 h5 44. h4 Re3 45. Rg7+ Kh8 46. Rb7 Kg8 47. Rxb5 Re4 48. Kg5 Ra4 49. f5 Kf7 50. Rb7+ Kf8 51. Kxh5 Ra6 52. Kg5 Rc6 53. h5 Kg8 54. h6 Kh8 55. Re7 Ra6 56. Re6 Ra5 57. Kg6 Ra8 58. f6 Rg8+ 59. Kh5 Rf8 60. Re7 Rg8 61. Rg7 Rf8 62. Kg6 Rxf6+ 63. Kg5 Rxh6 64. Kxh6 1/2-1/2

[Event "Titled Tuesday intern op 06th Feb Early"]
[Site "Chess.com INT"]
[Date "2024.02.06"]
[Round "1"]
[White "Ballotti, Luca"]
[Black "Novozhilov, Semen"]
[Result "0-1"]
[WhiteElo "2172"]
[BlackElo "2272"]
[PlyCount "142"]
[EventDate "2024.02.06"]
[EventType "swiss (blitz)"]
[EventRounds "11"]
[EventCountry "USA"]
[SourceTitle "CB07_2024"]
[SourceDate "2024.02.14"]
[SourceVersion "1"]
[SourceVersionDate "2024.02.14"]
[SourceQuality "1"]

1. d4 Nf6 2. Bg5 e6 3. e4 h6 4. Bxf6 Qxf6 5. Nc3 g5 6. Qd2 Bg7 7. 0-0-0 a6 8. g3 d6 9. Bg2 Bd7 10. f4 gxf4 11. gxf4 Nc6 12. Nge2 0-0-0 13. e5 dxe5 14. fxe5 Qe7 15. Rhf1 h5 16. Kb1 Bh6 17. Qd3 Rhg8 18. Bh1 Nb4 19. Qf3 Bc6 20. Qxf7 Qxf7 21. Rxf7 Bxh1 22. Rxh1 Rg2 23. a3 Nd5 24. Ng3 Ne3 25. Nge4 Nxc2 26. d5 exd5 27. Nf6 d4 28. Nd1 Re2 29. e6 Nxa3+ 30. bxa3 Rxe6 31. Nxh5 d3 32. Rhf1 Rb6+ 33. Ka2 Rdd6 34. Rh7 Kb8 35. Ng3 Rdc6 36. Ne4 Rc2+ 37. Ka1 Re2 38. Nec3 Rxh2 39. Rh8+ Ka7 40. Rc8 Bg7 41. Rxc7 Be5 42. Rc5 Rh5 43. Rc4 d2 44. Re4 Bxc3+ 45. Nxc3 Rc5 46. Nd1 Rc1+ 47. Ka2 Rbb1 48. Rd4 Rxd1 49. Rxd1 Rxd1 50. Kb2 Kb6 51. Kc2 Ra1 52. Rxd2 Ra2+ 53. Kc1 Rxd2 54. Kxd2 Kb5 55. Kc2 Ka4 56. Kb2 Kb5 57. Ka2 Kc4 58. Kb2 a5 59. Kc2 a4 60. Kb2 Kd3 61. Ka1 Kc3 62. Ka2 Kc2 63. Ka1 Kb3 64. Kb1 Kxa3 65. Ka1 Kb3 66. Kb1 b5 67. Ka1 b4 68. Kb1 Kc3 69. Ka1 Kc2 70. Ka2 b3+ 71. Ka3 b2 0-1

[Event "Titled Tuesday intern op 06th Feb Early"]
[Site "Chess.com INT"]
[Date "2024.02.06"]
[Round "5"]
[White "Laddha, Shubh Jayesh"]
[Black "Ballotti, Luca"]
[Result "1/2-1/2"]
[WhiteElo "2324"]
[BlackElo "2172"]
[PlyCount "110"]
[EventDate "2024.02.06"]
[EventType "swiss (blitz)"]
[EventRounds "11"]
[EventCountry "USA"]
[SourceTitle "CB07_2024"]
[SourceDate "2024.02.14"]
[SourceVersion "1"]
[SourceVersionDate "2024.02.14"]
[SourceQuality "1"]

1. e4 c5 2. Nf3 e6 3. g3 Nc6 4. Bg2 Nf6 5. Nc3 d6 6. 0-0 Be7 7. d3 0-0 8. Ng5 h6 9. Nh3 Rb8 10. a4 a6 11. f4 Nd4 12. Ne2 b5 13. c3 Nxe2+ 14. Qxe2 Bd7 15. axb5 Bxb5 16. f5 a5 17. Bf4 e5 18. Be3 a4 19. Kh1 Qc7 20. g4 Nh7 21. Qd2 f6 22. Ng1 Rfd8 23. h4 Bc6 24. c4 Rb4 25. Nf3 Rdb8 26. Ra2 Qb7 27. Rf2 Rb3 28. g5 fxg5 29. hxg5 Nxg5 30. Nxg5 Bxg5 31. Bxg5 hxg5 32. Bf3 Qe7 33. Rg2 Qf6 34. Bh5 Kf8 35. Bg6 Ke7 36. Rh2 a3 37. Rxa3 Rxb2 38. Qxb2 Rxb2 39. Rxb2 g4 40. Ra7+ Bd7 41. Rh2 Qg5 42. Ra1 g3 43. Rh7 Kf6 44. Rh8 g2+ 45. Kg1 Qe3+ 46. Kh2 Qf4+ 47. Kxg2 Qd2+ 48. Kg1 Qe3+ 49. Kh1 Qf3+ 50. Kh2 Qf2+ 51. Kh3 Qf3+ 52. Kh2 Qf2+ 53. Kh1 Qf3+ 54. Kg1 Qg3+ 55. Kh1 Qf3+ 1/2-1/2

[Event "Mogliano Veneto op-A 43th"]
[Site "Mogliano Veneto"]
[Date "2023.04.25"]
[Round "5"]
[White "Ballotti, Luca"]
[Black "Feltrin, Francesco"]
[Result "1-0"]
[WhiteElo "2144"]
[BlackElo "1876"]
[PlyCount "89"]
[EventDate "2023.04.23"]
[EventType "swiss"]
[EventRounds "5"]
[EventCountry "ITA"]
[SourceTitle "EXT 2024"]
[Source "ChessBase"]
[SourceDate "2023.10.10"]
[SourceVersion "1"]
[SourceVersionDate "2023.10.10"]
[SourceQuality "1"]

1. c4 Nf6 2. Nc3 c5 3. g3 g6 4. Bg2 Nc6 5. e3 Bg7 6. d4 cxd4 7. exd4 d6 8. Nge2 0-0 9. 0-0 Rb8 10. h3 a6 11. Be3 Bd7 12. Rc1 Qa5 13. Qd2 Rfc8 14. d5 Ne5 15. b3 Bxh3 16. Nd4 Bxg2 17. Kxg2 Neg4 18. Bg5 h6 19. Bf4 Ne4 20. Nxe4 Qxd2 21. Nxd2 Bxd4 22. Rce1 g5 23. Re4 Bc3 24. Nb1 gxf4 25. Rxf4 Nf6 26. Nxc3 b5 27. Ne4 Nxe4 28. Rxe4 bxc4 29. bxc4 Rc7 30. Rh1 Rb2 31. Rxh6 Kg7 32. Rhh4 f6 33. Reg4+ Kf7 34. Rh7+ Kf8 35. Rh8+ Kf7 36. Ra8 Rxa2 37. Rgg8 e5 38. Rg4 f5 39. Rgg8 Rxc4 40. Raf8+ Ke7 41. Rxf5 Rd4 42. Rg7+ Ke8 43. Ra7 Rg4 44. Rh5 Rg8 45. Rhh7 1-0

[Event "ITA-ch U20 81st"]
[Site "Cagliari"]
[Date "2022.11.22"]
[Round "6"]
[White "Lumachi, Gabriele"]
[Black "Ballotti, Luca"]
[Result "1-0"]
[WhiteElo "2394"]
[BlackElo "2136"]
[PlyCount "128"]
[EventDate "2022.11.17"]
[EventType "tourn"]
[EventRounds "7"]
[EventCountry "ITA"]
[SourceTitle "CBM 211 Extra"]
[Source "ChessBase"]
[SourceDate "2023.01.31"]
[SourceVersion "1"]
[SourceVersionDate "2023.01.31"]
[SourceQuality "1"]

1. d4 d5 2. Nf3 Nf6 3. c3 Bf5 4. Qb3 Qc8 5. Bf4 e6 6. e3 Nh5 7. Bg5 f6 8. Bh4 g5 9. Bg3 Nxg3 10. hxg3 Bd6 11. c4 c6 12. Bd3 Bxd3 13. Qxd3 Qd7 14. Nc3 Bb4 15. Ke2 Bxc3 16. bxc3 h5 17. g4 Qf7 18. cxd5 exd5 19. gxh5 Nd7 20. g4 0-0-0 21. a4 Qe6 22. Rag1 Nb6 23. Qc2 Nc4 24. Nd2 Nd6 25. Rh3 f5 26. gxf5 Nxf5 27. Rf3 Nh4 28. Rfg3 Rxh5 29. Rxg5 Rxg5 30. Rxg5 Rf8 31. Qd1 Qf6 32. Qg1 Nf5 33. Rg8 Nd6 34. Qg4+ Kb8 35. Rxf8+ Qxf8 36. Qd7 a6 37. f3 Nc8 38. e4 dxe4 39. Nxe4 Nb6 40. Nc5 Qc8 41. Qxc8+ Kxc8 42. Kd3 a5 43. c4 Na8 44. d5 cxd5 45. cxd5 Nc7 46. Kc4 Ne8 47. Ne4 Kd7 48. Kb5 Nc7+ 49. Kc5 b6+ 50. Kc4 Ne8 51. Kd4 Nc7 52. Ke5 b5 53. d6 Na8 54. axb5 Nb6 55. Nc5+ Kc8 56. Kd4 a4 57. Kc3 Kd8 58. d7 Nd5+ 59. Kb2 Kc7 60. Ka3 Nb6 61. f4 Nd5 62. f5 Nc3 63. b6+ Kd8 64. b7 Kc7 1-0

[Event "ITA-ch U20 81st"]
[Site "Cagliari"]
[Date "2022.11.21"]
[Round "5"]
[White "Ballotti, Luca"]
[Black "Cappelletto, Joshuaede"]
[Result "1/2-1/2"]
[WhiteElo "2136"]
[BlackElo "2265"]
[PlyCount "24"]
[EventDate "2022.11.17"]
[EventType "tourn"]
[EventRounds "7"]
[EventCountry "ITA"]
[SourceTitle "CBM 211 Extra"]
[Source "ChessBase"]
[SourceDate "2023.01.31"]
[SourceVersion "1"]
[SourceVersionDate "2023.01.31"]
[SourceQuality "1"]

1. Nf3 c5 2. c4 Nc6 3. Nc3 e5 4. e3 Nf6 5. Be2 d5 6. cxd5 Nxd5 7. 0-0 Nc7 8. a3 Be7 9. Qc2 0-0 10. Ne4 Ne6 11. Bc4 b6 12. b4 Kh8 1/2-1/2

[Event "Imola Ferrari Cup 1st"]
[Site "Imola"]
[Date "2021.12.05"]
[Round "5"]
[White "Bettalli, Francesco"]
[Black "Ballotti, Luca"]
[Result "1-0"]
[WhiteElo "2305"]
[BlackElo "2136"]
[PlyCount "109"]
[EventDate "2021.12.03"]
[EventType "swiss"]
[EventRounds "5"]
[EventCountry "ITA"]
[SourceTitle "EXT 2023"]
[Source "ChessBase"]
[SourceDate "2022.10.05"]
[SourceVersion "1"]
[SourceVersionDate "2022.10.05"]
[SourceQuality "1"]

1. e4 e6 2. d4 d5 3. Bd3 dxe4 4. Bxe4 Nf6 5. Bf3 c5 6. Ne2 Nc6 7. Be3 cxd4 8. Nxd4 Ne5 9. Nc3 Nxf3+ 10. Qxf3 Bb4 11. Rd1 Qa5 12. 0-0 0-0 13. Nb3 Qf5 14. Qxf5 exf5 15. Nb5 Bd7 16. Nxa7 Be6 17. a3 Be7 18. Rfe1 Nd5 19. Bd4 Nc7 20. Bb6 Nd5 21. Rxd5 Bxd5 22. Rxe7 Rfe8 23. Rxe8+ Rxe8 24. f3 Bc4 25. Nd4 Re1+ 26. Kf2 Rc1 27. b3 Be6 28. Nab5 f4 29. Nc7 g5 30. Ne8 h6 31. Nf6+ Kg7 32. Ne4 g4 33. Nc5 gxf3 34. Nd3 Rd1 35. Nxf3 Bd5 36. Nxf4 Bxf3 37. Kxf3 Rc1 38. Bd4+ Kg8 39. c3 Ra1 40. a4 Ra3 41. b4 Rxa4 42. Nd3 b5 43. Nc5 Ra2 44. Ne4 Ra6 45. Nf6+ Kf8 46. Bc5+ Kg7 47. Ne8+ Kg6 48. Nd6 Ra1 49. Nxb5 Rf1+ 50. Ke2 Rh1 51. h3 Rh2 52. Kf1 Rh1+ 53. Bg1 Kf5 54. Nd4+ Ke4 55. Ne2 1-0

[Event "Imola op 3rd"]
[Site "Imola"]
[Date "2020.12.08"]
[Round "6"]
[White "Gilevich, Artem"]
[Black "Ballotti, Luca"]
[Result "1-0"]
[WhiteElo "2406"]
[BlackElo "2066"]
[PlyCount "63"]
[EventDate "2020.12.05"]
[EventType "swiss"]
[EventRounds "6"]
[EventCountry "ITA"]
[SourceTitle "CBM 199 Extra"]
[Source "ChessBase"]
[SourceDate "2021.01.31"]
[SourceVersion "1"]
[SourceVersionDate "2021.01.31"]
[SourceQuality "1"]

1. d4 d5 2. c4 e6 3. Nc3 c6 4. e3 Nf6 5. Nf3 Nbd7 6. Qc2 b6 7. Bd3 Bb7 8. 0-0 Be7 9. b3 0-0 10. Bb2 h6 11. Rad1 Qc7 12. Ne5 Rad8 13. f4 dxc4 14. bxc4 c5 15. Qe2 Ba8 16. Bb1 cxd4 17. exd4 Rfe8 18. Rd3 Nf8 19. Rfd1 Bb4 20. Rg3 a6 21. a3 Bxc3 22. Bxc3 Qb7 23. Ng4 Nxg4 24. Qxg4 f5 25. Qh5 e5 26. d5 Qc7 27. Bxe5 Rxe5 28. fxe5 Qxe5 29. Qxf5 Qb2 30. Rf1 b5 31. Qf7+ Kh8 32. Qxf8+ 1-0

[Event "ITA-ch U16"]
[Site "Salsomaggiore Terme"]
[Date "2019.07.08"]
[Round "2"]
[White "Syed, Danish"]
[Black "Ballotti, Luca"]
[Result "0-1"]
[WhiteElo "1632"]
[BlackElo "2180"]
[PlyCount "132"]
[EventDate "2019.07.07"]
[EventType "swiss"]
[EventRounds "9"]
[EventCountry "ITA"]
[SourceTitle "EXT 2020"]
[Source "ChessBase"]
[SourceDate "2019.10.17"]
[SourceVersion "1"]
[SourceVersionDate "2019.10.17"]
[SourceQuality "1"]

1. d4 Nf6 2. Nf3 c5 3. e3 g6 4. Be2 Bg7 5. 0-0 0-0 6. c4 cxd4 7. exd4 d5 8. Nc3 Nc6 9. h3 h6 10. Be3 Be6 11. b3 Ne4 12. Rc1 Nxc3 13. Rxc3 Qd7 14. c5 g5 15. Nh2 Bf5 16. Bb5 Qc7 17. Bxc6 Qxc6 18. f4 Qg6 19. g4 gxf4 20. Rxf4 Be4 21. Nf3 Qa6 22. a4 f6 23. Nd2 Bg6 24. Nf3 Be4 25. Nd2 Bg6 26. Nf3 Bf7 27. Nh4 e5 28. Rf2 Qa5 29. Rc1 Qc7 30. Nf5 Be6 31. Nxh6+ Bxh6 32. Bxh6 Rf7 33. Be3 Qe7 34. dxe5 fxe5 35. Rxf7 Bxf7 36. Qe2 Re8 37. Re1 Qh4 38. Kh2 d4 39. Bf2 Qf6 40. Bg3 e4 41. Qf2 Qg7 42. Qf4 e3 43. Qf1 Bxb3 44. Qd3 Bf7 45. Rd1 e2 46. Re1 Re3 47. Qd2 Bc4 48. Bf4 Rd3 49. Qc1 Rc3 50. Qd2 Qh7 51. Bg3 Qg7 52. Bf4 Qf6 53. Bg3 Rf3 54. Rxe2 Bxe2 55. Qxe2 Re3 56. Qc4+ Kh7 57. Qb5 Qe7 58. Bd6 Re2+ 59. Kg3 Qe3+ 60. Kh4 Qh6+ 61. Kg3 Re3+ 62. Kf2 Qh4+ 63. Kg1 Qe1+ 64. Qf1 d3 65. Qxe1 Rxe1+ 66. Kf2 d2 0-1

[Event "Treviso Master op 3rd"]
[Site "Treviso"]
[Date "2019.03.31"]
[Round "5.2"]
[White "Ballotti, Luca"]
[Black "Genocchio, Daniele"]
[Result "0-1"]
[WhiteElo "2027"]
[BlackElo "2350"]
[PlyCount "82"]
[EventDate "2019.03.29"]
[EventType "swiss"]
[EventRounds "5"]
[EventCountry "ITA"]
[SourceTitle "EXT 2024"]
[Source "ChessBase"]
[SourceDate "2023.10.10"]
[SourceVersion "1"]
[SourceVersionDate "2023.10.10"]
[SourceQuality "1"]

1. e4 d6 2. d4 g6 3. Nc3 Bg7 4. h3 a6 5. a4 b6 6. Nf3 Bb7 7. Bd3 Nd7 8. 0-0 e5 9. Bc4 Ngf6 10. Qe2 exd4 11. Nxd4 0-0 12. Bg5 h6 13. Be3 Re8 14. Qd2 Nxe4 15. Nxe4 Rxe4 16. f3 Rxe3 17. Qxe3 Qg5 18. Qf2 Qc5 19. Ne6 Qxc4 20. Nxg7 Kxg7 21. Rfe1 Qc5 22. Re7 Qxf2+ 23. Kxf2 Bc6 24. b3 a5 25. Rae1 Kf8 26. R1e2 Rc8 27. R7e3 Nc5 28. Rd2 Ne6 29. Re1 Ng7 30. Ree2 Bd7 31. h4 Nf5 32. g3 Bc6 33. Re1 h5 34. Ree2 Ng7 35. Re1 Ne6 36. Ree2 Nc5 37. Re3 Nd7 38. Rde2 Ne5 39. Rd2 Re8 40. Rde2 Bxf3 41. Rxe5 Rxe5 0-1

[Event "Olbia CIG U16 24th"]
[Site "Olbia"]
[Date "2016.06.30"]
[Round "7"]
[White "Buonanno, Raffaele"]
[Black "Ballotti, Luca"]
[Result "1-0"]
[WhiteElo "1992"]
[BlackElo "1600"]
[PlyCount "151"]
[EventDate "2016.06.26"]
[EventType "swiss"]
[EventRounds "9"]
[EventCountry "ITA"]
[SourceTitle "EXT 2024"]
[Source "ChessBase"]
[SourceDate "2023.10.10"]
[SourceVersion "1"]
[SourceVersionDate "2023.10.10"]
[SourceQuality "1"]

1. d4 d5 2. c4 e6 3. Nc3 c6 4. cxd5 exd5 5. Bf4 Bf5 6. Nf3 Nf6 7. e3 Be7 8. Bd3 Bg6 9. Ne5 Nbd7 10. Nxg6 hxg6 11. Qe2 Nf8 12. g4 Qd7 13. f3 Ne6 14. Bg3 Bd6 15. Bxd6 Qxd6 16. 0-0-0 0-0-0 17. h4 Rde8 18. Qf2 Qe7 19. Kb1 Kb8 20. a3 Nc7 21. Rde1 Qd7 22. Ne2 Ne6 23. Ng3 Ka8 24. Ka2 Kb8 25. b4 a6 26. Rb1 Nc7 27. a4 b5 28. a5 Qe7 29. Nf1 Kb7 30. Kb3 Qe6 31. Re1 Ka7 32. Nd2 Kb7 33. Nb1 Ka7 34. Na3 Nd7 35. Nc2 Kb7 36. Re2 Qe7 37. Ne1 Ne6 38. Rc2 Nd8 39. Ng2 Ne6 40. Rhc1 Nb8 41. e4 Nc7 42. e5 Rc8 43. f4 Rce8 44. f5 gxf5 45. gxf5 f6 46. Nf4 Rh6 47. e6 Qd6 48. h5 Rg8 49. Be2 Ne8 50. Qe3 Kc7 51. Bf3 Kb7 52. Rc5 Nc7 53. R1c2 Re8 54. Qc1 Rhh8 55. R5c3 Rc8 56. Qe3 Ne8 57. Nxd5 Nc7 58. Nf4 Nd5 59. Nxd5 cxd5 60. Rc5 Rxc5 61. Rxc5 Nc6 62. Bxd5 Rc8 63. Qc3 Rc7 64. Rxc6 Rxc6 65. Bxc6+ Qxc6 66. Qxc6+ Kxc6 67. d5+ Kd6 68. Kc3 Kc7 69. Kd4 Kd6 70. Ke4 Ke7 71. Kd3 Kd6 72. Kd4 Ke7 73. Kc5 Kd8 74. d6 Ke8 75. Kb6 Kd8 76. Kxa6 1-0